Statistics for Movies With Missing Numbers

Click here to take the quiz!

General Stats

  • This quiz has been taken 74 times
  • The average score is 21 of 26

Answer Stats

TitleNumber% Correct
Friday the __th13
98%
_ Men and a Baby3
98%
_ of Our Dinosaurs is Missing1
95%
_ Weddings and a Funeral4
95%
The __ Year Old Virgin40
95%
_ Flew Over the Cuckoo's Nest1
94%
Fantastic _: Rise of the Silver Surfer4
92%
_ Mile8
92%
Around the World in __ Days80
91%
_ Amigos3
89%
Rogue _: A Star Wars Story1
86%
Lock, Stock and _ Smoking Barrels2
86%
Gone in __ Seconds60
86%
_ ½ Weeks9
83%
__ Years a Slave12
82%
Hellboy _: The Golden Army2
82%
__,___ Leagues Under the Sea20,000
82%
____: A Space Odyssey2001
80%
_ Brides for _ Brothers7
80%
District _9
80%
_ Samurai7
77%
__ Days Later28
73%
Miracle on __th Street34
71%
__,___ BC10,000
70%
__ Cloverfield Lane10
50%
Planet __51
18%

Score Distribution

Percentile by Number Answered

Percent of People with Each Score

Your Score History

You have not taken this quiz